| 000 | 00606nam a22001937a 4500 | ||
|---|---|---|---|
| 003 | OSt | ||
| 005 | 20140310182202.0 | ||
| 008 | 130903t xxu||||| |||| 00| 0 eng d | ||
| 050 |
_aCT 101 _b.K87 1995 |
||
| 082 |
_aHS 920.02 _bK84 1994 |
||
| 100 |
_aKothari, Ajay Kumar _916284 |
||
| 245 |
_aWorld famous 101 great lives / _cAjay Kumar Kothari, Vishwa Mithra Sharman, (translated by:M.C. Bhargava). |
||
| 260 |
_aNew Delhi : _bPustak mahal, _c1994. |
||
| 300 |
_a120 p. ; _bill. ; _c22 cm. |
||
| 650 |
_aBiography _912111 |
||
| 651 |
_aSharma Vishwa Mitra, _916285 |
||
| 942 | _2lcc | ||
| 999 |
_c10236 _d10236 |
||